<?xml version="1.0" encoding="UTF-8"?>
<record
    xmlns:xsi="http://www.w3.org/2001/XMLSchema-instance"
    xsi:schemaLocation="http://www.loc.gov/MARC21/slim http://www.loc.gov/standards/marcxml/schema/MARC21slim.xsd"
    xmlns="http://www.loc.gov/MARC21/slim">

  <leader>00861nam a22001337a 4500</leader>
  <datafield tag="999" ind1=" " ind2=" ">
    <subfield code="c">533164</subfield>
    <subfield code="d">533164</subfield>
  </datafield>
  <controlfield tag="008">260427b           ||||| |||| 00| 0 eng d</controlfield>
  <datafield tag="100" ind1=" " ind2=" ">
    <subfield code="a">Chenoy, Anuradha</subfield>
    <subfield code="9">60277</subfield>
  </datafield>
  <datafield tag="245" ind1=" " ind2=" ">
    <subfield code="a">Theory and practice of imperialism 3.0</subfield>
  </datafield>
  <datafield tag="260" ind1=" " ind2=" ">
    <subfield code="a">Economic &amp; Political Weekly  </subfield>
  </datafield>
  <datafield tag="300" ind1=" " ind2=" ">
    <subfield code="a">61(9), Feb 28, 2026: p.10-11</subfield>
  </datafield>
  <datafield tag="520" ind1=" " ind2=" ">
    <subfield code="a">Adeclaration for recolonisation could not get more explicit than the United States&#x2019; (US) Secretary of State Marco Rubio&#x2019;s speech to the European leaders during this year&#x2019;s annual Munich Security Conference (13 February 2026). This speech follows sustained actions by the US exercising global dominance in strategic areas. The recent targets have been Cuba and Iran. &#x2013;Reproduced 

https://www.epw.in/journal/2026/9/strategic-affairs/theory-and-practice-imperialism-30.html
</subfield>
  </datafield>
  <datafield tag="773" ind1=" " ind2=" ">
    <subfield code="a">Economic &amp; Political Weekly  </subfield>
  </datafield>
  <datafield tag="942" ind1=" " ind2=" ">
    <subfield code="c">AR</subfield>
  </datafield>
  <datafield tag="952" ind1=" " ind2=" ">
    <subfield code="0">0</subfield>
    <subfield code="1">0</subfield>
    <subfield code="2">ddc</subfield>
    <subfield code="4">0</subfield>
    <subfield code="7">0</subfield>
    <subfield code="9">408335</subfield>
    <subfield code="a">IIPA</subfield>
    <subfield code="b">IIPA</subfield>
    <subfield code="d">2026-04-27</subfield>
    <subfield code="h">61(9), Feb 28, 2026: p.10-11</subfield>
    <subfield code="p">AR138675</subfield>
    <subfield code="r">2026-04-27</subfield>
    <subfield code="y">AR</subfield>
  </datafield>
</record>
